Hacia un informe de negocios como complemento de los estados contables (Registro nro. 11148)

Detalles MARC
000 -LEADER
fixed length control field 00393 a2200133 4500
001 - CONTROL NUMBER
control field ART_5637
005 - DATE AND TIME OF LATEST TRANSACTION
control field 20260410161617.0
008 - FIXED-LENGTH DATA ELEMENTS--GENERAL INFORMATION
fixed length control field 260409a
100 1# - MAIN ENTRY--PERSONAL NAME
Personal name Díaz, Teresa
245 10 - TITLE STATEMENT
Title Hacia un informe de negocios como complemento de los estados contables
700 1# - ADDED ENTRY--PERSONAL NAME
Personal name Suardi, Diana
700 1# - ADDED ENTRY--PERSONAL NAME
Personal name Bertolino, Gisela
773 0# - HOST ITEM ENTRY
Title Enfoques
Related parts - Nº 5 (may. 2006)
Record control number REV416

No hay ítems disponibles.